Gaming Quiz

Random Gaming or Clip Quiz

Video Game Themes III Quiz Stats

 Plays Quiz Updated Oct 6, 2020

Support Sporcle.
Go Orange.
Score 0/90 Timer 20:00
1 Play Today
Time Game % Correct
0:00-0:04Pac-Man
88.1%
1:20-1:26Final Fantasy VI
43.4%
4:14-4:20The Legend of Zelda: Ocarina of Time
41.4%
1:07-1:15Castlevania
36.2%
8:50-8:56Pokémon Red/Blue/Yellow
35.7%
0:25-0:32Sonic the Hedgehog 2
35.3%
3:54-4:00Super Mario Sunshine
35.1%
5:03-5:10Final Fantasy X
35%
4:34-4:39Wii Sports
31.5%
1:15-1:20Super Mario RPG: Legend of the Seven Stars
26.9%
3:12-3:20Star Fox
26%
5:47-5:53Zelda II: The Adventure of Link
24.5%
2:09-2:15Metal Gear Solid 2: Sons of Liberty
22.5%
2:15-2:22Dr. Mario
22%
3:00-3:05New Super Mario Bros.
21.6%
6:16-6:21Mega Man 5
20.6%
0:12-0:19Uncharted: Drake's Fortune
20.3%
8:56-9:02Sonic Adventure
19.9%
5:10-5:17Metroid Prime
18.8%
1:34-1:41Mega Man X
18.5%
0:04-0:12Dragon Quest
18%
9:20-9:25The Elder Scrolls IV: Oblivion
16%
1:55-2:02Golden Sun
14.9%
2:55-3:00Conker's Bad Fur Day
14.7%
8:21-8:26Ice Climber
14%
1:49-1:55Kirby Super Star
13.3%
2:49-2:55The Sims 3
13.3%
9:08-9:14Diddy Kong Racing
11.6%
3:33-3:42Jet Set Radio
11.3%
2:22-2:28Ninja Gaiden
11.3%
Time Game % Correct
8:14-8:21Streets of Rage
10.8%
6:00-6:07Street Fighter III: New Generation
10.6%
9:14-9:20Bomberman
10.5%
9:52-9:57The Secret of Monkey Island
9.1%
4:06:4:14Resident Evil 4
8.7%
8:45-8:50Duke Nukem 3D
8.4%
0:19-0:25Super Punch-Out!!
7.8%
7:31-7:38BioShock
7.2%
5:17-5:25Gears of War
6.9%
1:41-1:49Deus Ex
6.5%
6:48-6:54God Hand
5.8%
1:01-1:07Tetris Attack
5.6%
5:32-5:39Trauma Center: Under the Knife
5.5%
0:47-0:54Star Wars: Knights of the Old Republic
5.4%
4:57-5:03Xenogears
5.1%
3:27-3:33Disgaea: Hour of Darkness
5.1%
4:26-4:34Viewtiful Joe
4.9%
1:26-1:34BlazBlue: Calamity Trigger
4.5%
2:28-2:35Tales of the Abyss
4.4%
3:49-3:54Alex Kidd in Miracle World
4.3%
7:08-7:16Heavy Rain
3.8%
7:02-7:08Half-Life 2
3.8%
3:20-3:27Monster Hunter Tri
3.7%
7:16-7:23Lufia & the Fortress of Doom
3.5%
4:00-4:06Suikoden III
3.5%
0:38-0:47Lunar: Silver Star Story
3.1%
9:46-9:52Shining Force II
2.9%
7:23-7:31E.V.O.: Search For Eden
2.9%
8:33-8:38Sam and Max: Hit the Road
2.8%
2:43-2:49Darkstalkers: The Night Warriors
2.6%
Time Game % Correct
7:38-7:44Fatal Fury
2.5%
9:25-9:33Soul Edge
2.4%
9:02-9:08Lost Odyssey
2.3%
5:25-5:32Life Force
2.3%
6:54-7:02Dissidia: Final Fantasy
2.2%
9:40-9:46Beyond Good & Evil
2.2%
0:54-1:01Fantasy Zone
2.2%
6:41-6:48Shin Megami Tensei: Digital Devil Saga
2.1%
7:44-7:50The Adventures of Bayou Billy
1.9%
9:33-9:40Panzer Dragoon
1.7%
7:50-7:57Vagrant Story
1.7%
8:26-8:33Solomon's Key
1.6%
0:32-0:38Lemmings 2: The Tribes
1.5%
8:38-8:45Gain Ground
1.5%
6:21-6:27Hang-On
1.4%
7:57-8:07Zone of the Enders: The 2nd Runner
1.3%
4:39-4:46Bonk's Adventure
1.3%
4:51-4:57Karnov
1.1%
4:46-4:51Azure Dreams
1.1%
6:27-6:34Chibi-Robo!
1%
5:39-5:47Sin & Punishment
0.9%
5:53-6:00SaGa Frontier
0.9%
3:05-3:12Gumshoe
0.9%
6:34-6:41Kameo: Elements of Power
0.9%
2:35-2:43Zool
0.8%
6:07-6:16Freshly-Picked Tingle's Rosy Rupeeland
0.7%
4:20-4:26Mr. Driller
0.7%
3:42-3:49Speedball 2: Brutal Deluxe
0.6%
2:02-2:09Jumping Flash!
0.6%
8:07-8:14Legendary Wings
0.6%

You're not logged in!

Compare scores with friends on all Sporcle quizzes.
OR
Log In

From the Vault

Album Cover Close-Up II

by babymonkee

No need to zoom in. We've taken care of that for you.
Remove Ads.
Support Sporcle.
Get the best of Sporcle when you Go Orange. This ad-free experience offers more features, more stats, and more fun while also helping to support Sporcle. Thank you for becoming a member.

Show Comments

Extras

Top Quizzes Today


Score Distribution

Your Account Isn't Verified!

In order to create a playlist on Sporcle, you need to verify the email address you used during registration. Go to your Sporcle Settings to finish the process.

Report this User

Report this user for behavior that violates our Community Guidelines.

Details: